K problematice cenového deflátoru hrubého domácího produktu

Pojem deflátor hrubého domáceho produktu (HDP) a metodika jeho stanovenia. Rozklad deflátora (deflátor HDP, deflátor celkového domáceho dopytu, deflátor exportu, deflátor importu). Rozklad deflátora hrubej tvorby kapitálu. Problém výpočtu deflátora HDP výrobnou metódou.

Gespeichert in:
Bibliographische Detailangaben
1. Verfasser: Nachtigal, V.
Weitere Verfasser: Hájek, Mojmír
Format: Buchkapitel
Sprache:Tschechisch
Schlagworte:
Tags: Tag hinzufügen
Keine Tags, Fügen Sie das erste Tag hinzu!

MARC

LEADER 00000naa a2200000 4500
001 r020673
005 20230908090450.6
041 0 |a cze 
044 |a CZ 
245 1 0 |a K problematice cenového deflátoru hrubého domácího produktu  |c V. Nachtigal, M. Hájek 
520 |a Pojem deflátor hrubého domáceho produktu (HDP) a metodika jeho stanovenia. Rozklad deflátora (deflátor HDP, deflátor celkového domáceho dopytu, deflátor exportu, deflátor importu). Rozklad deflátora hrubej tvorby kapitálu. Problém výpočtu deflátora HDP výrobnou metódou. 
610 2 0 |a produkt domáci hrubý 
610 2 0 |a hodnota pridaná spracovaním 
610 2 0 |a hladina cenová 
610 2 0 |a miera inflácie 
610 2 0 |a metodika 
610 2 0 |a tvorba kapitálu 
610 2 0 |a pojmy 
610 2 0 |a deflátor 
100 1 |a Nachtigal, V. 
700 1 |a Hájek, Mojmír